[Event "Ricciardi op 19th"]
[Site "Gallarate"]
[Date "2015.06.02"]
[Round "3"]
[White "Cunati, Valerio"]
[Black "Musso, Roberto"]
[Result "0-1"]
[WhiteElo "1699"]
[BlackElo "1729"]
[PlyCount "66"]
[EventDate "2015.05.19"]
[EventType "swiss"]
[EventRounds "6"]
[EventCountry "ITA"]
[SourceTitle "EXT 2017"]
[Source "ChessBase"]
[SourceDate "2016.10.25"]
[SourceVersion "1"]
[SourceVersionDate "2016.10.25"]
[SourceQuality "1"]

1. d4 Nf6 2. Nf3 g6 3. c4 Bg7 4. Nc3 0-0 5. e4 d6 6. Be2 Nc6 7. 0-0 e5 8. d5 Ne7 9. h3 Nd7 10. Bg5 f5 11. exf5 Rxf5 12. Bd3 Rf8 13. Ne4 Nf6 14. Qd2 Bf5 15. Rfe1 Qd7 16. Bh6 Nxe4 17. Bxe4 Bxe4 18. Rxe4 Nf5 19. Bxg7 Nxg7 20. Rae1 Rf5 21. Rh4 Qe7 22. Re2 Rxf3 23. Qh6 Nf5 24. Qc1 Nxh4 25. gxf3 Nxf3+ 26. Kf1 Qh4 27. Re3 Rf8 28. c5 Nh2+ 29. Ke1 Qxf2+ 30. Kd1 Qf1+ 31. Re1 Qd3+ 32. Qd2 Qxd2+ 33. Kxd2 Nf3+ 0-1